Mistrzowie Europy w piłce nożnej - Statystyki

Ogólne statystyki
  • Ten quiz został rozwiązany 2 001 razy
    376 od ostatniego zresetowania
  • Średni wynik to 16 z 17
Statystyki odpowiedzi
Rok Kraj % Poprawnych
1964 Hiszpania
100%
2008 Hiszpania
100%
2012 Hiszpania
100%
2024 Hiszpania
100%
2016 Portugalia
99%
1968 Włochy
99%
2020 Włochy
99%
1996 Niemcy
98%
1972 RFN
98%
1980 RFN
98%
1984 Francja
97%
2000 Francja
97%
2004 Grecja
96%
1960 ZSRR
93%
1988 Holandia
87%
1992 Dania
85%
1976 Czechosłowacja
72%
Nie znaleziono quizów pasujących do podanych kryteriów
Rozkład punktacji
Procent ludzi z każdym wynikiem
Percentyl według liczby udzielonych odpowiedzi
Twoja historia wyników
Nie rozwiązałeś tego quizu od ostatniego zresetowania